000 01178nam a2200337 i 4500
001 bg
100 1 _aBOKOTA, Adam
245 1 0 _aModelowanie krzepnięcia i stygnięcia dwuskładnikowych stopów metali /
_cAdam Bokota.
260 _aCzęstochowa :
_bWydaw. PC,
_c2001.
300 _a120, [3] s. :
_bil. ;
_c24 cm.
490 1 _aMonografie / Politechnika Częstochowska,
_x0860-5017 ;
_vnr 79
500 _aStreszcz. ang., ros.
504 _aBibliogr.
650 9 _aAnaliza numeryczna
_xstosowanie
_xfizyka
650 9 _aModele matematyczne
_xstosowanie
_xfizyka
650 9 _aNaprężenia i odkształcenia
_xbadanie
650 9 _aOdlewnictwo
_xfizyka
650 9 _aPrzemiany fazowe
_xbadanie
650 9 _aRównania różniczkowe
_xstosowanie
_xfizyka
650 9 _aStopy (metalurg.)
_xfizyka
650 9 _aSymulacja
_xstosowanie
_xfizyka
650 9 _aTermodyfuzja
_xbadanie
830 0 _aMonografie (Politechnika Częstochowska) ;
_vnr 79
020 _a8371931352
040 _cBPK
041 0 _apl
_benru
080 _a621.74:669.017/.018:539.3/.6:519.87+519.61/.64+517.9
920 _a83-7193-135-2
942 _cKS
008 s pl f |000 0 pol
999 _c40671
_d40671
856 _uhttp://koha.tu.koszalin.pl/cgi-bin/koha/opac-detail.pl?biblionumber=40671
_yKatalog online BPK